000 00271nam a22001217a 4500
008 170526b xxu||||| |||| 00| 0 eng d
041 _aGER
080 _a621.38
100 _a25
101 _aIM
245 _aMIKROELEKTRONIK FUR MENSCHEN
_cPICHER.F
942 _2udc
_cBK
999 _c14357
_d14357